Analytical methods for risk management:a system engineering perspective

Saved in:
Bibliographic Details
Main Author: Garvey
Format: Book
Published: 2008
Tags: Add Tag
No Tags, Be the first to tag this record!
Call Number :

MARC

LEADER 00000pam a2200000 4500
001 27905
003 MY-KLNDU
005 20241218082422.0
020 0 0 |a 9781584886372 
035 |a 0000039205 
039 9 |a 200912221218  |b staff  |c 200911181256  |d VLOAD  |y 200910091803  |z VLOAD 
100 0 0 |a Garvey 
245 0 0 |a Analytical methods for risk management:a system engineering perspective 
260 0 0 |a 2008 
591 |a 0000009858  |b 26/05/09  |c 0306-08  |d 1  |e RM358.35  |f 1  |g 358.35  |h Bookfinder Sdn. Bhd. 
999 |a vtls000037363  |c 27905  |d 27905